Fungi in the environment / (Record no. 141154)
[ view plain ]
| 000 -LEADER | |
|---|---|
| fixed length control field | 00962cam a2200277 a 4500 |
| 001 - CONTROL NUMBER | |
| control field | vtls003223717 |
| 003 - CONTROL NUMBER IDENTIFIER | |
| control field | MY-SjTCS |
| 005 - DATE AND TIME OF LATEST TRANSACTION | |
| control field | 20200226114955.0 |
| 008 - FIXED-LENGTH DATA ELEMENTS--GENERAL INFORMATION | |
| fixed length control field | 110921s2007 enka b 001 0 eng |
| 020 ## - INTERNATIONAL STANDARD BOOK NUMBER | |
| International Standard Book Number | 0521850290 (hbk.) |
| 020 ## - INTERNATIONAL STANDARD BOOK NUMBER | |
| International Standard Book Number | 9780521850292 (hbk.) |
| 039 #9 - LEVEL OF BIBLIOGRAPHIC CONTROL AND CODING DETAIL [OBSOLETE] | |
| Level of rules in bibliographic description | 201202081346 |
| Level of effort used to assign nonsubject heading access points | pushpa |
| -- | 201109211135 |
| -- | malathy |
| 082 04 - DEWEY DECIMAL CLASSIFICATION NUMBER | |
| Classification number | 579.5 |
| Item number | FUN 2007 |
| 245 00 - TITLE STATEMENT | |
| Title | Fungi in the environment / |
| Statement of responsibility, etc. | edited by Geoffrey Michael Gadd, Sarah C. Watkinson and Paul S. Dyer. |
| 260 ## - PUBLICATION, DISTRIBUTION, ETC. | |
| Place of publication, distribution, etc. | Cambridge : |
| Name of publisher, distributor, etc. | Cambridge University Press, |
| Date of publication, distribution, etc. | 2007. |
| 300 ## - PHYSICAL DESCRIPTION | |
| Extent | xix, 386 p. : |
| Other physical details | ill. ; |
| Dimensions | 24 cm. |
| 490 0# - SERIES STATEMENT | |
| Series statement | British Mycological Society symposium series |
| 504 ## - BIBLIOGRAPHY, ETC. NOTE | |
| Bibliography, etc. note | Includes bibliographical references and index. |
| 650 #0 - SUBJECT ADDED ENTRY--TOPICAL TERM | |
| Topical term or geographic name entry element | Fungi. |
| 9 (RLIN) | 679 |
| 650 #0 - SUBJECT ADDED ENTRY--TOPICAL TERM | |
| Topical term or geographic name entry element | Mycology. |
| 700 1# - ADDED ENTRY--PERSONAL NAME | |
| Personal name | Gadd, Geoffrey M. |
| 9 (RLIN) | 55992 |
| 700 1# - ADDED ENTRY--PERSONAL NAME | |
| Personal name | Watkinson, Sarah C. |
| 9 (RLIN) | 55993 |
| 700 1# - ADDED ENTRY--PERSONAL NAME | |
| Personal name | Dyer, Paul S. |
| 9 (RLIN) | 55994 |
| 830 #0 - SERIES ADDED ENTRY--UNIFORM TITLE | |
| Uniform title | British Mycological Society symposium series |
| 920 ## - Programme | |
| Programme | PHA : 172665 |
| Withdrawn status | Lost status | Source of classification or shelving scheme | Damaged status | Not for loan | Collection code | Home library | Current library | Date acquired | Total Checkouts | Barcode | Date last seen | Date last checked out | Copy number | Koha item type | Public note |
|---|---|---|---|---|---|---|---|---|---|---|---|---|---|---|---|
| Withdrawn | Dewey Decimal Classification | Please fill up online form at https://taylorslibrary.taylors.edu.my/services/external_storage1 | Taylor's Library-TU | TU External Storage-LCS | 30/11/2011 | 2 | 5000121284 | 05/12/2019 | 01/07/2013 | 1 | Main Collection | SOPxx,31001,03,CL |